Ukrajina: Zahraniční investori musia prekonávať obrovské prekážky

Zahraniční podnikatelia na ukrajinskom trhu, ich obchodné podmienky a prekážky, platobné podmienky. Rady podnikateľom pri vývoze tovaru na Ukrajinu. Zahraniční investori v Kyjeve. Oceňovanie hodnoty objektov, ceny objektov. Spôsob investovania zahraničných investorov na Ukrajine.

Na minha lista:
Detalhes bibliográficos
Autor principal: Syruček, Milan
Formato: Capítulo de Livro
Idioma:eslovaco
Assuntos:
Tags: Adicionar Tag
Sem tags, seja o primeiro a adicionar uma tag!

MARC

LEADER 00000naa a2200000 4500
001 r019648
005 20221213101147.5
041 0 |a slo 
044 |a SK 
245 1 0 |a Ukrajina: Zahraniční investori musia prekonávať obrovské prekážky  |c Milan Syruček 
520 |a Zahraniční podnikatelia na ukrajinskom trhu, ich obchodné podmienky a prekážky, platobné podmienky. Rady podnikateľom pri vývoze tovaru na Ukrajinu. Zahraniční investori v Kyjeve. Oceňovanie hodnoty objektov, ceny objektov. Spôsob investovania zahraničných investorov na Ukrajine. 
610 2 0 |a investori 
610 2 0 |a investície zo zahraničia 
610 2 0 |a styk zahraničnoobchodný 
610 2 0 |a podnikanie 
610 2 0 |a prostredie ekonomické 
610 2 0 |a podnikatelia 
610 2 0 |a podmienky obchodné 
610 2 0 |a Kyjev 
610 2 0 |a Ukrajina 
100 1 |a Syruček, Milan